000 00434nam a2200157Ia 4500
003 STCL
008 181203s9999 xx 000 0 und d
040 _aSTCL
_bEN
_cSTCL
082 _222
100 _aRamamurthy, K.; Balakrishnan, N.P.; Ravikumar, K.; Ganesan, R.
245 0 _aSeagrasses of Coromandel Coast India
260 _bBotanical Survey of India
_aCoimbatore
_c1992
300 _a80
546 _aEnglish
942 _2ddc
_cBK
999 _c84825
_d84825